Miasta Sudanu - Statystyki

Ogólne statystyki
  • Ten quiz został rozwiązany 34 razy
  • Średni wynik to 4 z 10
Statystyki odpowiedzi
Ludność Miasto % Poprawnych
1 410 858 Chartum
100%
394 561 Port Sudan
50%
1 849 659 Omdurman
47%
298 529 Kassala
35%
217 827 Al-Faszir
24%
1 012 211 Chartum Północny
24%
345 126 Al-Ubajid
21%
492 984 Nijala
21%
289 482 Wad Madani
21%
269 395 Al-Kadarif
12%
Nie znaleziono quizów pasujących do podanych kryteriów
Rozkład punktacji
Procent ludzi z każdym wynikiem
Percentyl według liczby udzielonych odpowiedzi
Twoja historia wyników
Nie rozwiązałeś tego quizu